| 000 | 00993nam a2200265 a 4500 | ||
|---|---|---|---|
| 001 | 51560 | ||
| 003 | BD-RjUL | ||
| 005 | 20211209075659.0 | ||
| 008 | 160831s1964 enk b 001 0 eng d | ||
| 035 | _a(BD-RjUL)51680 | ||
| 040 |
_aDLC _cWSU/SER/EUX _beng _dBD-RjUL |
||
| 041 | 1 |
_aeng _hrus |
|
| 082 |
_223 _a515.45 _bKRT 1964 |
||
| 100 | 1 |
_aKrasnoselʹskil, M. A. _9154114 |
|
| 245 | 1 | 0 |
_aTopological methods in the theory of nonlinear integral equations / _cM.A. Krasnosel'skii ; translated by A.H. Armstrong ; translation edited by J.Burlak |
| 260 |
_aOxford : _bPergamon, _cc1964 |
||
| 300 |
_axi, 395 p. ; _c23 cm |
||
| 490 | 1 |
_aInternational series of monographs in pure and applied mathematics ; _vv. 45 |
|
| 504 | _aInclude bibliography and index. | ||
| 650 | 0 |
_aIntegral equations _9151906 |
|
| 700 | 1 |
_aBurlak, J. _9154115 |
|
| 700 | 1 |
_aArmstrong, A. H. _9154116 |
|
| 830 | 0 |
_aInternational series of monographs in pure and applied mathematics ; _vv. 45 _9154118 |
|
| 942 |
_2ddc _cBK |
||
| 999 |
_c51560 _d51560 |
||